|
|
|
|
| LEADER |
01222nam a22003494a 4500 |
| 001 |
27598 |
| 003 |
BD-DhAAL |
| 005 |
20130926123707.0 |
| 008 |
130926s2009 enk d 000 0 eng |
| 010 |
|
|
|a 2009277932
|
| 020 |
|
|
|a 9780199205165 (pbk.)
|
| 020 |
|
|
|a 0199207801 (hbk.)
|
| 020 |
|
|
|a 9780199207800 (hbk.)
|
| 020 |
|
|
|a 0199205167 (pbk.)
|
| 040 |
|
|
|a UKM
|c UKM
|d BTCTA
|d BAKER
|d YDXCP
|d BWKUK
|d BWK
|d CDX
|d DLC
|d BD-DhAAL
|
| 050 |
0 |
0 |
|a JA61
|b .C665 2009b
|
| 082 |
0 |
4 |
|a 320.03
|2 22
|
| 999 |
|
|
|c 14027
|d 14027
|
| 999 |
|
|
|c 14027
|
| 245 |
0 |
4 |
|a The concise Oxford dictionary of politics /
|c edited by Iain McLean and Alistair McMillan.
|
| 246 |
3 |
0 |
|a Dictionary of politics
|
| 250 |
|
|
|a 3rd ed.
|
| 260 |
|
|
|a Oxford ;
|a New York :
|b Oxford University Press,
|c 2009.
|
| 300 |
|
|
|a xiii, 599 p. ;
|c 24 cm.
|
| 490 |
0 |
|
|a Oxford paperback reference
|
| 500 |
|
|
|a Previous ed.: 2003.
|
| 541 |
|
|
|e 27598
|
| 650 |
|
0 |
|a Political science
|v Dictionaries.
|9 3275
|
| 700 |
1 |
|
|a McLean, Iain.
|9 3276
|
| 700 |
1 |
|
|a McMillan, Alistair.
|9 3277
|
| 942 |
|
|
|2 ddc
|c BK
|
| 952 |
|
|
|0 0
|1 0
|2 ddc
|4 0
|6 320_030000000000000_CON
|7 0
|9 23511
|a IGS
|b IGS
|c GEN
|d 2013-09-26
|e Karim International
|g 570.00
|l 0
|o 320.03 CON
|p 3010027598
|r 2013-09-26
|t 1
|w 2013-09-26
|y BK
|